000 00690nam a22002537a 4500
999 _c432466
_d432466
001 52428
003 UA-OsUOA
005 20191218105935.0
007 ta
008 20150608b un ||||| |||| 00| 0 ukr d
040 _aUA-OsUOA
_bukr
_cUA-OsUOA
_dUA-OsUOA
041 _aukr
080 _a09-82-94
090 _a09-82-94
_bК56
100 _aКовпак С.А.
245 _aВід Путивля до Карпат
260 _aК.
_c1946
300 _a132 с.
650 7 _a0 Загальний відділ.
_2UDC
942 _cBK
_2udc
955 _a1